000 00685cam a22002293a 4500
001 12050
003 PGUSA
005 20140828083243.0
008 040401s2004||||xxu|||||s|||||000 e eng d
040 _aPGUSA
_beng
042 _adc
050 4 _aPR
100 1 _aJohnson, Samuel,
_d1709-1784
245 1 4 _aThe Works of Samuel Johnson, Volume 04 :
_bThe Adventurer; The Idler
_h[electronic resource] /
_cSamuel Johnson
260 _bProject Gutenberg,
_c2004
506 _aPublic domain in the USA.
516 _aElectronic text
653 _aEnglish essays -- 18th century
830 0 _aProject Gutenberg
_v12050
856 4 0 _uhttp://www.gutenberg.org/ebooks/12050
942 _cEB
999 _c241305
_d241305